[Event "NOR-ch U20"]
[Site "Stavanger"]
[Date "2017.07.01"]
[Round "1"]
[White "Keadana, Amir"]
[Black "Lund, Gunnar"]
[Result "0-1"]
[WhiteElo "1829"]
[BlackElo "2051"]
[PlyCount "82"]
[EventDate "2017.07.01"]
[EventType "swiss"]
[EventRounds "9"]
[EventCountry "NOR"]
[SourceTitle "EXT 2018"]
[Source "ChessBase"]
[SourceDate "2017.10.13"]
[SourceVersion "1"]
[SourceVersionDate "2017.10.13"]
[SourceQuality "1"]

1. e4 e5 2. Nf3 Nc6 3. Bb5 a6 4. Ba4 Nf6 5. 0-0 Be7 6. Re1 b5 7. Bb3 0-0 8. c3 d6 9. h3 Nb8 10. d4 Nbd7 11. Nbd2 Bb7 12. Bc2 Re8 13. Nf1 Bf8 14. Ng3 g6 15. Bg5 h6 16. Bd2 Bg7 17. a4 Nb6 18. Qc1 Kh7 19. axb5 axb5 20. Rxa8 Qxa8 21. b3 Nfd7 22. Nh4 b4 23. d5 bxc3 24. Bxc3 c6 25. Nhf5 cxd5 26. Nxd6 Re6 27. Nxb7 Qxb7 28. exd5 Nxd5 29. Bd2 Nc5 30. Qa3 Qb5 31. Rc1 e4 32. Qa7 Re7 33. Qa8 Nd3 34. Rd1 Nxf2 35. Bxh6 Nxd1 36. Bxg7 Kxg7 37. Bxd1 Qd3 38. Qa1+ f6 39. Ne2 Ne3 40. Nc3 Rc7 41. Kf2 Qxc3 0-1

[Event "NOR-ch U20"]
[Site "Tromsoe"]
[Date "2016.07.09"]
[Round "1"]
[White "Tryggestad, Andreas Garberg"]
[Black "Keadana, Amir"]
[Result "1-0"]
[WhiteElo "2046"]
[BlackElo "1792"]
[PlyCount "43"]
[EventDate "2016.07.09"]
[EventType "swiss"]
[EventRounds "9"]
[EventCountry "NOR"]
[SourceTitle "EXT 2024"]
[Source "ChessBase"]
[SourceDate "2023.10.10"]
[SourceVersion "1"]
[SourceVersionDate "2023.10.10"]
[SourceQuality "1"]

1. d4 Nf6 2. Nf3 g6 3. c4 Bg7 4. Nc3 d5 5. cxd5 Nxd5 6. e4 Nxc3 7. bxc3 0-0 8. Be2 c5 9. 0-0 Nc6 10. Be3 cxd4 11. cxd4 Bg4 12. e5 Rc8 13. Rc1 Qd5 14. Qa4 Na5 15. Bd2 Nc6 16. Be3 Na5 17. Rc5 Rxc5 18. dxc5 Nc6 19. Qxg4 Nxe5 20. Nxe5 Qxe5 21. Bf3 Qb2 22. Qe4 1-0

[Event "Chigorin Memorial 23rd"]
[Site "St Petersburg"]
[Date "2015.10.10"]
[Round "8"]
[White "Keadana, Amir"]
[Black "Volkov, Roman"]
[Result "0-1"]
[WhiteElo "1730"]
[BlackElo "2044"]
[PlyCount "24"]
[EventDate "2015.10.03"]
[EventType "swiss"]
[EventRounds "9"]
[EventCountry "RUS"]
[SourceTitle "CBM 168 Extra"]
[Source "ChessBase"]
[SourceDate "2015.10.29"]
[SourceVersion "1"]
[SourceVersionDate "2015.10.29"]
[SourceQuality "1"]

1. e4 e5 2. Nf3 Nc6 3. Bc4 Nf6 4. d4 exd4 5. e5 d5 6. Bb5 Ne4 7. Nxd4 Bc5 8. Be3 0-0 9. 0-0 Nxe5 10. Qh5 Bg4 11. Qxe5 Bd6 12. Qxd5 Bxh2+ 0-1

[Event "Golden Sands op-B"]
[Site "Golden Sands"]
[Date "2015.06.10"]
[Round "3"]
[White "Keadana, Amir"]
[Black "Machlik, Monika"]
[Result "0-1"]
[WhiteElo "1774"]
[BlackElo "2070"]
[PlyCount "29"]
[EventDate "2015.06.08"]
[EventType "swiss"]
[EventRounds "9"]
[EventCountry "BUL"]
[SourceTitle "CBM 167 Extra"]
[Source "ChessBase"]
[SourceDate "2015.09.14"]
[SourceVersion "1"]
[SourceVersionDate "2015.09.14"]
[SourceQuality "1"]

1. e4 Nf6 2. e5 Nd5 3. d4 d6 4. c4 Nb6 5. exd6 exd6 6. Nc3 Nc6 7. Be3 Be7 8. h3 0-0 9. Bd3 Bf6 10. Nf3 d5 11. b3 dxc4 12. bxc4 Be6 13. Rb1 Nxc4 14. Qc2 Na3 15. Qd1 0-1

[Event "Narvik Rallarsjakken A"]
[Site "Narvik"]
[Date "2014.04.04"]
[Round "1"]
[White "Skagseth, Havard M"]
[Black "Keadana, Amir"]
[Result "1/2-1/2"]
[WhiteElo "1922"]
[BlackElo "1636"]
[PlyCount "91"]
[EventDate "2014.04.04"]
[EventType "swiss"]
[EventRounds "5"]
[EventCountry "NOR"]
[SourceTitle "EXT 2024"]
[Source "ChessBase"]
[SourceDate "2023.10.10"]
[SourceVersion "1"]
[SourceVersionDate "2023.10.10"]
[SourceQuality "1"]

1. e4 e6 2. d4 d5 3. Nc3 dxe4 4. Nxe4 Bd7 5. Nf3 Bc6 6. Bd3 Nd7 7. 0-0 Ngf6 8. Nxf6+ Nxf6 9. Re1 Bxf3 10. Qxf3 Qd5 11. Qxd5 Nxd5 12. a3 0-0-0 13. Bg5 Be7 14. Bxe7 Nxe7 15. Re4 Nf5 16. c3 c5 17. Re5 cxd4 18. Bxf5 exf5 19. Rxf5 dxc3 20. Rc5+ Kb8 21. Rxc3 Rd2 22. b4 Rhd8 23. g3 a6 24. Kg2 Rd1 25. Rxd1 Rxd1 26. h4 Rd7 27. g4 f6 28. g5 f5 29. Kg3 Rd4 30. f3 g6 31. f4 Re4 32. h5 Re6 33. hxg6 hxg6 34. Kf3 Ka7 35. Rc8 b5 36. Rf8 Kb7 37. Rf6 Rc6 38. Ke3 Kc7 39. Rxc6+ Kxc6 40. Kd4 Kd6 41. Kc3 Kd5 42. Kd3 Kc6 43. Ke3 Kd5 44. Kd3 Kc6 45. Kd4 Kd6 46. Kc3 1/2-1/2

[Event "Tromsoe NGP op"]
[Site "Tromsoe"]
[Date "2013.11.22"]
[Round "4"]
[White "Pettersen, Magnor"]
[Black "Keadana, Amir"]
[Result "1-0"]
[WhiteElo "1708"]
[BlackElo "1651"]
[PlyCount "59"]
[EventDate "2013.11.22"]
[EventType "swiss"]
[EventRounds "5"]
[EventCountry "NOR"]
[SourceTitle "CBM 157 Extra"]
[Source "ChessBase"]
[SourceDate "2013.12.19"]
[SourceVersion "1"]
[SourceVersionDate "2013.12.19"]
[SourceQuality "1"]

1. d4 Nf6 2. Nf3 g6 3. Bf4 Bg7 4. e3 0-0 5. Be2 d6 6. h3 c5 7. c3 cxd4 8. exd4 Qb6 9. Qb3 Qxb3 10. axb3 Bf5 11. Nbd2 Re8 12. 0-0 Nc6 13. Bh2 e5 14. dxe5 dxe5 15. Bb5 Nd5 16. Nc4 e4 17. Bxc6 bxc6 18. Nfe5 e3 19. Nxc6 e2 20. Rfe1 Nxc3 21. Be5 Bxe5 22. N6xe5 Nd5 23. Rxe2 f6 24. Rd2 Nb4 25. Nd7 Kg7 26. g4 Be6 27. Nc5 Bxc4 28. bxc4 Rec8 29. Rd7+ Kh6 30. Ne4 1-0

[Event "Oslo Vederhus Memorial op B"]
[Site "Oslo"]
[Date "2013.09.29"]
[Round "8"]
[White "Keadana, Amir"]
[Black "Enersen, Eirik S"]
[Result "1-0"]
[WhiteElo "1662"]
[BlackElo "1009"]
[PlyCount "120"]
[EventDate "2013.09.29"]
[EventType "swiss"]
[EventRounds "9"]
[EventCountry "NOR"]
[SourceTitle "EXT 2024"]
[Source "ChessBase"]
[SourceDate "2023.10.10"]
[SourceVersion "1"]
[SourceVersionDate "2023.10.10"]
[SourceQuality "1"]

1. e4 e6 2. d4 d5 3. Nd2 c5 4. exd5 cxd4 5. Bb5+ Bd7 6. dxe6 fxe6 7. Qh5+ g6 8. Qe5 Qf6 9. Bxd7+ Nxd7 10. Qxf6 Ngxf6 11. Ngf3 Bc5 12. Nb3 Bb4+ 13. Bd2 Bxd2+ 14. Nbxd2 e5 15. 0-0-0 Ng4 16. Rde1 Nxf2 17. Nxe5 Nxe5 18. Rxe5+ Kd7 19. Rf1 Rae8 20. Rd5+ Kc7 21. Rxd4 Rhf8 22. Ne4 Rxe4 23. Rxe4 Nd3+ 24. Kd2 Rxf1 25. Kxd3 Rh1 26. h3 Rh2 27. Rg4 Kd6 28. b3 Ke6 29. a4 Kf5 30. Ke2 h5 31. Rg3 g5 32. Kf2 Rh1 33. Rf3+ Kg6 34. Rc3 h4 35. Rc7 Rc1 36. c4 Rc2+ 37. Kg1 Kf5 38. Rxb7 g4 39. hxg4+ Kxg4 40. Rxa7 Rb2 41. Rb7 Kg3 42. Rg7+ Kf4 43. c5 Rxb3 44. c6 Rc3 45. c7 Rc6 46. a5 Kf5 47. a6 Kf6 48. Rh7 Kg6 49. Rd7 Kf5 50. a7 Rc1+ 51. Kh2 h3 52. a8Q hxg2 53. Qxg2 Rh1+ 54. Kg3 Rg1 55. c8R Ke6 56. Rd2 Rxg2+ 57. Kxg2 Ke7 58. Kf1 Kf6 59. Re2 Kf7 60. Rce8 Kf6 1-0

[Event "NOR-ch Kadett-A"]
[Site "Lillehammer"]
[Date "2013.06.29"]
[Round "6"]
[White "Keadana, Amir"]
[Black "Aure, Anders Nilsson"]
[Result "1-0"]
[WhiteElo "1275"]
[BlackElo "1449"]
[PlyCount "41"]
[EventDate "2013.06.29"]
[EventType "swiss"]
[EventRounds "9"]
[EventCountry "NOR"]
[SourceTitle "EXT 2017"]
[Source "ChessBase"]
[SourceDate "2016.10.25"]
[SourceVersion "1"]
[SourceVersionDate "2016.10.25"]
[SourceQuality "1"]

1. e4 c5 2. Nf3 e6 3. d4 cxd4 4. Nxd4 Nc6 5. Be3 Nf6 6. f3 Be7 7. Nc3 0-0 8. Be2 Nxd4 9. Qxd4 b6 10. 0-0-0 Bc5 11. Qd2 Bxe3 12. Qxe3 Qc7 13. e5 Ne8 14. Nb5 Qc6 15. Nd6 Nxd6 16. Rxd6 Qc7 17. Rhd1 Rd8 18. Qd4 h6 19. Bb5 Kf8 20. Qe4 Qb7 21. Bc6 1-0